Star Wars: Every TV Series - Statistics

General Stats
  • This quiz has been taken 252 times
    73 since last reset
  • The average score is 14 of 26
Answer Stats
Years Name % Correct
2003-2005 Clone Wars
96%
2008-2014; 2020 The Clone Wars
96%
2014-2018 Rebels
89%
2019-current The Mandalorian
89%
2023-current Ahsoka
81%
2021-2022 The Book of Boba Fett
77%
2022-2025 Andor
74%
2024 The Acolyte
74%
2021-2024 The Bad Batch
74%
2026-current Maul - Shadow Lord
72%
2022 Obi-Wan Kenobi
72%
2024 Tales of the Empire
68%
2022 Tales of the Jedi
68%
2025 Tales of the Underworld
68%
2024 Skeleton Crew
58%
2018-2020 Resistance
51%
1985-1986 Ewoks
42%
1985-1986 Droids: The Adventures of R2-D2 and C-3PO
40%
2021-current Visions
30%
2016-2017 The Freemaker Adventures
23%
2023-current Young Jedi Adventures
21%
2013-2014 The Yoda Chronicles
19%
2015 Droid Tales
16%
2018 All-Stars
9%
Never released Detours
9%
2024 Rebuild the Galaxy
7%
No matching quizzes found
Score Distribution
Percent of People with Each Score
Percentile by Number Answered
Your Score History
You have not taken this quiz since the last reset